| 000 | 00991pam a2200289 a 4500 | ||
|---|---|---|---|
| 001 | 2934 | ||
| 005 | 20240124132606.0 | ||
| 020 | _a079808897488 | ||
| 040 |
_aDLC _cDLC _dDLC _beng |
||
| 050 | 0 | 0 |
_aPZ7.B4483 _b 1988 |
| 082 | 0 | 0 | _a489 |
| 100 | 1 | _aBerenstain, Stan | |
| 245 | 1 | 4 |
_aThe Berenstain bears and the double dare / _cStan & Jan Berenstain. |
| 250 | _aThis edition was printing in 1988 | ||
| 260 |
_aNew York : _bRandom House, _c1988 |
||
| 300 |
_a29 unnumbered pages : _bcolor illustrations ; _c21 cm . |
||
| 490 | 1 |
_a Berenstain Bears First Time _vBook 28 |
|
| 505 | _aO | ||
| 520 | _aBrother Bear feels excited about joining Too-Tall Grizzly's gang until the members dare him to steal one of Farmer Ben's juicy watermelons. | ||
| 521 |
_a620
_bLexile |
||
| 521 |
_aO
_bRaz-Plus |
||
| 650 | 1 |
_aConduct of life _xFiction. |
|
| 650 | 1 |
_aBears _xFiction. |
|
| 700 | 1 | _aBerenstain, Jan | |
| 906 |
_a7 _bcbc _corignew _d1 _eocip _f19 _gy-gencatlg |
||
| 942 |
_2ddc _cBK _n0 |
||
| 999 |
_c2934 _d2934 |
||